00599cam a22001813a 450000100060000000300060000600500170001200800410002904000150007004200070008510000310009224501440012326000290026750600300029651600200032683000290034685600420037543577PGUSA20140828084006.0130827s2013||||xxu|||||s|||||000 | eng d aPGUSAbeng adc1 aKirby, William,d1817-190613aAn Introduction to Entomology :bVol. II (of 4) : or Elements of the Natural History of the Insectsh[electronic resource] /cWilliam Kirby bProject Gutenberg,c2013 aPublic domain in the USA. aElectronic text 0aProject Gutenbergv4357740uhttp://www.gutenberg.org/ebooks/43577